Basic principles of agricultural meteorology / (Record no. 12988)
[ view plain ]
| 000 -LEADER | |
|---|---|
| fixed length control field | 00370cam a2200133ua 4500 |
| 041 ## - LANGUAGE CODE | |
| Language code of text/sound track or separate title | eng |
| 100 ## - MAIN ENTRY--AUTHOR NAME | |
| Personal name | Murthy, Radhakrishna V . |
| 245 ## - TITLE STATEMENT | |
| Title | Basic principles of agricultural meteorology / |
| 260 ## - PUBLICATION, DISTRIBUTION, ETC. (IMPRINT) | |
| Place of publication | New Delhi : |
| Name of publisher | BSP BS Publications , |
| Year of publication | 2002. |
| 300 ## - PHYSICAL DESCRIPTION | |
| Number of Pages | ; . |
| 942 ## - ADDED ENTRY ELEMENTS (KOHA) | |
| Koha item type | Books |
| Withdrawn status | Lost status | Damaged status | Home library | Current library | Date acquired | Accession Number | Koha item type |
|---|---|---|---|---|---|---|---|
| KAUAET | KAUAET | 07/04/2012 | 21168 | Books |
